Open Data Biblioteca Nacional de Portugal


República Portuguesa: Ministério da Cultura
Biblioteca Nacional de Portugal

Catálogo da BNP: acesso por Identificadores Unívocos
Registos Bibliográficos associados ao registo de autoridade

Etiqueta de registo: 01694cbm 2200373 450
001 856302
003 http://id.bnportugal.gov.pt/bib/catbnp/856302
005 19990127000000.0
095 ## $aPTBN00611515
100 ## $a19940617d1734 k y0pory0103 ba
101 0# $alat
105 ## $ay z 000yy
106 ## $ah
200 1# $aHistoria compostel[a]na copiada en la Real Bibliotheca...$fparece ser escrito de mano del chronista Ambrosio de Morales...$bManuscrito]
210 #1 $d1734
215 ## $a346, [1] f., enc.$d33 cm
300 ## $aÉ uma cópia da Historia compostelana existente na Real Biblioteca de Madrid, certificada por D. Blas Antonio Nasarre y Ferriz, Bibliotecário-Mór
300 ## $aPubl. em: España Sagrada... - Madrid : Imprenta de la Viuda de Eliséo Sanchez, 1765. - Tomo XX
300 ## $aCota antiga: B-16-20
304 ## $aTexto em latim
304 ## $aAmbrosio de Morales foi o copista do original espanhol. A obra, segundo o impresso, foi escrita por três religiosos de Santiago de Compostela
307 ## $aEnc. em perg.
500 11 $aHistoria compostelana...
601 02 $aUniversidade Técnica de Lisboa.$bInstituto Superior de Agronomia.$bAssociação de Estudantes,$f1930-2013$3264711
601 10 $aSantiago de Compostela.$bDiocese$xHistória$z1100-1140$x[Manuscritos]$2SIPOR$3775897
675 ## $a262.1(460)"1100/1140"(0.032)$vBN$zpor$3775898
675 ## $a262.1(460)"1100/1140"(091)(0.032)$vBN$zpor$3775899
702 #1 $aNasarre y Ferriz,$bBlas Antonio,$f1689-1751$4720$3236335
801 #0 $aPT$bBN$gRPC
856 40 $uhttps://purl.pt/52890
856 41 $uhttps://purl.pt/52890/service/media/cover/low
856 49 $uhttps://purl.pt/52890/service/media/pdf$qapplication/pdf
958 ## $aBND$bLivre$cDigitalizado$d1$ehttps://purl.pt/52890/service/media/cover/max
966 ## $lBN$mRESMAN$sCOD. 870

OpendataBNP@bnportugal.pt | Mais informação sobre acesso aos dados BNP